| 000 | 00661nam a2200133Ia 4500 | ||
|---|---|---|---|
| 008 | 171212s9999 xx 000 0 und d | ||
| 020 | _a9780833045720 | ||
| 100 | _aAsch, Beth J.;Buck, Christopher;Klerman, Jacob Alex;Kleykamp, Meredith;Loughran, David S. | ||
| 245 |
_cAsch, Beth J.;Buck, Christopher;Klerman, Jacob Alex;Kleykamp, Meredith;Loughran, David S. _aMilitary Enlistment of Hispanic Youth _bObstacles and Opportunities |
||
| 260 |
_bRAND Corporation _c2009 |
||
| 650 | _aManagement & Organizational Behavior | ||
| 650 | _aUnited States -- Armed Forces -- Hispanic Americans; Recruiting and enlistment | ||
| 856 | _uwww.jstor.org/stable/10.7249/mg773osd | ||
| 999 |
_c352327 _d352327 |
||